| 000 | 00486nam a22001817a 4500 | ||
|---|---|---|---|
| 003 | 0 | ||
| 005 | 20230810135431.0 | ||
| 008 | 230810b xxu||||| |||| 00| 0 eng d | ||
| 020 | _a978-0-446-31078-9 | ||
| 050 |
_aPS 3562 _b.L477 1960 |
||
| 100 | _aLee, Harper | ||
| 245 |
_aTo kill a mocking bird _cHarper Lee |
||
| 260 |
_aNew York _bGrand Central Publishing _cc1960. |
||
| 300 |
_a376 p. _c17 cm. |
||
| 500 | _aJuvenile literature. | ||
| 600 |
_2Fiction. _91 |
||
| 942 |
_2lcc _cBK |
||
| 999 |
_c365109 _d365109 |
||